|
|
|
|
| LEADER |
00000nab a2200000 a 4500 |
| 001 |
vtls000057165 |
| 003 |
SK-MaSNL |
| 005 |
20260303170406.0 |
| 008 |
111103c1980 xo 0 slo |
| 015 |
|
|
|a SNBRB19rr/mm-uuuuu
|
| 035 |
|
|
|a CL0067262
|
| 040 |
|
|
|a SNKBUCL
|b slo
|c SNKBUCL
|e AACR2
|
| 041 |
0 |
|
|a slo
|
| 044 |
|
|
|a xo
|c SK
|
| 080 |
|
|
|a 75
|2 1981
|
| 100 |
1 |
|
|a Gottliebová-Grilliová, Eva
|4 aut
|9 1012696
|
| 245 |
1 |
0 |
|a Košice očami umelcov
|b Východoslovenská galéria opäť víta svojich návštevníkov
|c Eva Gottliebová-Grilliová
|
| 300 |
|
|
|b Obr. 1.
|
| 650 |
0 |
7 |
|a maliari
|2 snkbucl
|9 3150
|
| 650 |
0 |
7 |
|a plenér
|2 snkbucl
|9 79273
|
| 651 |
|
7 |
|a 5403
|2 snkbucl
|9 893808
|
| 655 |
|
7 |
|a články z novín a časopisov
|2 snkbucl
|9 267496
|
| 773 |
0 |
|
|t Východoslovenské noviny
|g Roč. 29, č. 84 (9. 4. 1980), s. 4
|
| 850 |
|
|
|a Slovenská národná knižnica v Martine
|a MTA001
|
| 852 |
|
|
|a SNK
|b KIS3GCP
|
| 958 |
|
|
|a RK
|
| 992 |
|
|
|a RBX
|
| 999 |
|
|
|c 2076911
|d 2078841
|